000
00254nam a2200109Ia 4500
008
190912s9999||||xx |||||||||||||| ||und||
100
_a
Dr.Mubarak Ali
245
0
_a
Terikh Ki Wapsi
260
_a
Karachi
_b
Fiction House
_c
2014
300
_a
143
942
_c
BK
999
_c
7075
_d
7075